000 00454nam a2200133Ia 4500
008 200902s9999 xx 000 0 und d
020 _a978-621-406-015-3
100 _aSirug, Winston S.
245 _cWinston S. Sirug.--
_aIntroduction to business statistics :
_ba comprehensive approach /
250 _arev ed.
260 _aManila :
_bMindshapers Co., Inc.
_c2015
300 _ax , 428 pages :
_billustrations ;
_c26 cm.
650 _aCommercial statistics
999 _c363971
_d363971